00343pab a2200145 454500008004000000100002500040245001800065260000900083300001200092362001200104650003000116650001300146650002200159773001600181180718b1996 xxu||||| |||| 00| 0 eng d aPandey, Deep Narayan aEthnoforestry c1996 ap.29-47 aJul-Dec aForest management - India aForestry aForest management aPrashasnika